[Event "Mistrzostwa Wielkopolski Juniorow i Mlodzikow Grupa C13"]
[Site "Sypniewo"]
[Date "2018.06.17"]
[Round "3.3"]
[White "Franc, Piotr"]
[Black "Mozdzanowski, Filip"]
[Result "0-1"]
[BlackElo "1426"]
[WhiteElo "1256"]
[LiveChessVersion "1.4.8"]

1. e4 {[%clk 1:30:58]} d6 {[%clk 1:30:55]} 2. d4 {[%clk 1:31:10]} Nf6
{[%clk 1:31:19]} 3. Nc3 {[%clk 1:31:01]} g6 {[%clk 1:31:44]} 4. Nf3
{[%clk 1:31:24]} Bg7 {[%clk 1:31:55]} 5. Bd3 {[%clk 1:31:15]} O-O
{[%clk 1:32:00]} 6. O-O {[%clk 1:31:19]} Nbd7 {[%clk 1:32:19]} 7. Be3
{[%clk 1:31:16]} e5 {[%clk 1:32:17]} 8. d5 {[%clk 1:30:57]} h6 {[%clk 1:32:33]}
9. Qd2 {[%clk 1:31:04]} Ng4 {[%clk 1:32:58]} 10. b3 {[%clk 1:24:37]} a6
{[%clk 1:30:59]} 11. h3 {[%clk 1:23:00]} Nxe3 {[%clk 1:31:16]} 12. Qxe3
{[%clk 1:22:08]} f5 {[%clk 1:31:22]} 13. Nd2 {[%clk 1:21:35]} f4 {[%clk 1:31:10]}
14. Qe2 {[%clk 1:20:15]} Nf6 {[%clk 1:29:51]} 15. Nf3 {[%clk 1:19:15]} g5
{[%clk 1:29:49]} 16. Nh2 {[%clk 1:16:50]} h5 {[%clk 1:29:42]} 17. f3
{[%clk 1:16:44]} Qe8 {[%clk 1:29:55]} 18. a4 {[%clk 1:07:52]} Qg6
{[%clk 1:29:00]} 19. Kf2 {[%clk 1:04:39]} g4 {[%clk 1:27:51]} 20. hxg4
{[%clk 1:04:38]} hxg4 {[%clk 1:27:41]} 21. fxg4 {[%clk 1:03:37]} Nxg4+
{[%clk 1:27:05]} 22. Nxg4 {[%clk 1:03:53]} Bxg4 {[%clk 1:27:30]} 23. Qd2
{[%clk 1:04:05]} Bh5 {[%clk 1:26:49]} 24. Ke1 {[%clk 1:04:13]} Bf6
{[%clk 1:26:27]} 25. Be2 {[%clk 1:03:04]} Qg3+ {[%clk 1:23:01]} 26. Kd1
{[%clk 1:02:52]} Bxe2+ {[%clk 1:22:50]} 27. Nxe2 {[%clk 1:02:46]} Qg4
{[%clk 1:23:09]} 28. Qc3 {[%clk 0:59:17]} Rf7 {[%clk 1:22:05]} 29. Qf3
{[%clk 0:59:02]} Rg7 {[%clk 1:22:16]} 30. Qxg4 {[%clk 0:58:05]} Rxg4
{[%clk 1:21:34]} 31. g3 {[%clk 0:55:07]} Rf8 {[%clk 1:18:36]} 32. gxf4
{[%clk 0:55:08]} exf4 {[%clk 1:19:01]} 33. Rc1 {[%clk 0:55:02]} Be5
{[%clk 1:19:27]} 34. Rg1 {[%clk 0:53:18]} Rxg1+ {[%clk 1:19:28]} 35. Nxg1
{[%clk 0:53:45]} f3 {[%clk 1:19:43]} 36. Nh3 {[%clk 0:54:00]} Bc3
{[%clk 1:17:42]} 37. Ng5 {[%clk 0:50:55]} Rf4 {[%clk 1:17:08]} 38. Nxf3
{[%clk 0:46:09]} Rxf3 {[%clk 1:17:30]} 39. Ke2 {[%clk 0:46:36]} Rf4
{[%clk 1:17:41]} 40. Ke3 {[%clk 0:47:00]} Be5 {[%clk 1:16:52]} 41. Rg1+
{[%clk 0:47:23]} Kf7 {[%clk 1:17:15]} 42. Rg5 {[%clk 0:47:11]} Rf6
{[%clk 1:16:19]} 43. Rh5 {[%clk 0:47:31]} Rg6 {[%clk 1:16:34]} 44. Rh7+
{[%clk 0:47:12]} Rg7 {[%clk 1:16:57]} 45. Rh6 {[%clk 0:47:10]} Rg3+
{[%clk 1:16:42]} 46. Ke2 {[%clk 0:47:23]} Ke7 {[%clk 1:15:52]} 47. Rh7+
{[%clk 0:47:41]} Rg7 {[%clk 1:16:15]} 48. Rh6 {[%clk 0:47:35]} Kd7
{[%clk 1:16:37]} 49. Kd3 {[%clk 0:46:52]} Rg3+ {[%clk 1:16:32]} 50. Ke2
{[%clk 0:47:01]} Rg2+ {[%clk 1:15:38]} 51. Kd3 {[%clk 0:47:23]} Rd2+
{[%clk 1:15:46]} 52. Kxd2 {[%clk 0:46:57]} Bf4+ {[%clk 1:16:11]} 53. Kd3
{[%clk 0:47:22]} Bxh6 {[%clk 1:16:38]} 54. c4 {[%clk 0:47:35]} Bg7
{[%clk 1:16:47]} 55. b4 {[%clk 0:47:55]} b6 {[%clk 1:15:25]} 56. b5
{[%clk 0:47:51]} axb5 {[%clk 1:15:28]} 57. cxb5 {[%clk 0:47:39]} Ke7
{[%clk 1:15:43]} 58. Ke3 {[%clk 0:47:58]} Kf6 {[%clk 1:15:55]} 59. Kd4
{[%clk 0:47:51]} Kg5+ {[%clk 1:15:53]} 60. Ke3 {[%clk 0:48:06]} Kg4
{[%clk 1:16:08]} 0-1

[Event "Mistrzostwa Wielkopolski Juniorow i Mlodzikow Grupa C13"]
[Site "Sypniewo"]
[Date "2018.06.17"]
[Round "4.1"]
[White "Mozdzanowski, Filip"]
[Black "Rosinski, Filip"]
[Result "1/2-1/2"]
[BlackElo "1343"]
[WhiteElo "1426"]
[LiveChessVersion "1.4.8"]

1. Nf3 {[%clk 1:30:57]} d5 {[%clk 1:30:38]} 2. g3 {[%clk 1:31:20]} Nc6
{[%clk 1:30:55]} 3. Bg2 {[%clk 1:31:46]} e5 {[%clk 1:31:06]} 4. d3
{[%clk 1:32:12]} Nf6 {[%clk 1:30:53]} 5. O-O {[%clk 1:32:27]} Bg4
{[%clk 1:30:20]} 6. h3 {[%clk 1:32:40]} Bh5 {[%clk 1:30:35]} 7. Nbd2
{[%clk 1:32:56]} Qd7 {[%clk 1:30:05]} 8. c4 {[%clk 1:30:32]} d4 {[%clk 1:26:59]}
9. a3 {[%clk 1:29:52]} a5 {[%clk 1:26:05]} 10. Qa4 {[%clk 1:29:22]} Bd6
{[%clk 1:22:46]} 11. b4 {[%clk 1:20:13]} O-O {[%clk 1:21:59]} 12. b5
{[%clk 1:18:57]} Na7 {[%clk 1:20:24]} 13. Qb3 {[%clk 0:58:36]} Rfe8
{[%clk 1:17:44]} 14. Ne4 {[%clk 0:57:36]} Nxe4 {[%clk 1:17:44]} 15. dxe4
{[%clk 0:58:01]} c6 {[%clk 1:16:12]} 16. a4 {[%clk 0:53:24]} Qe6 {[%clk 1:14:16]}
17. Qd3 {[%clk 0:50:37]} f6 {[%clk 1:13:23]} 18. Bd2 {[%clk 0:42:39]} Bf7
{[%clk 1:13:05]} 19. Rfc1 {[%clk 0:41:36]} Nc8 {[%clk 1:12:32]} 20. Nh4
{[%clk 0:38:26]} c5 {[%clk 1:12:01]} 21. Nf5 {[%clk 0:36:14]} Rd8
{[%clk 1:11:26]} 22. h4 {[%clk 0:28:19]} Ne7 {[%clk 1:07:36]} 23. Bh3
{[%clk 0:27:50]} Nxf5 {[%clk 1:07:52]} 24. Bxf5 {[%clk 0:27:16]} Qe7
{[%clk 1:07:55]} 25. Qf3 {[%clk 0:23:17]} Be6 {[%clk 1:07:43]} 26. Qg4
{[%clk 0:21:08]} Bxf5 {[%clk 1:07:53]} 27. Qxf5 {[%clk 0:21:32]} b6
{[%clk 1:07:42]} 28. Ra3 {[%clk 0:20:28]} Rf8 {[%clk 1:07:19]} 29. Rf3
{[%clk 0:17:24]} Qf7 {[%clk 1:07:39]} 30. Qg4 {[%clk 0:16:44]} Qe7
{[%clk 1:06:36]} 31. Ra1 {[%clk 0:16:07]} Rf7 {[%clk 1:06:42]} 32. Raa3
{[%clk 0:10:25]} Raf8 {[%clk 1:06:45]} 33. h5 {[%clk 0:06:24]} Qd7
{[%clk 1:06:08]} 34. Qxd7 {[%clk 0:05:23]} Rxd7 {[%clk 1:06:31]} 35. g4
{[%clk 0:05:25]} Rdf7 {[%clk 1:06:25]} 36. Rh3 {[%clk 0:05:16]} g6
{[%clk 1:06:27]} 37. hxg6 {[%clk 0:05:27]} hxg6 {[%clk 1:06:41]} 38. Rh6
{[%clk 0:05:38]} Rg7 {[%clk 1:05:55]} 39. Rah3 {[%clk 0:05:54]} Kf7
{[%clk 1:05:44]} 1/2-1/2

[Event "Mistrzostwa Wielkopolski Juniorow i Mlodzikow Grupa C13"]
[Site "Sypniewo"]
[Date "2018.06.17"]
[Round "4.2"]
[White "Rosenfeld, Noe"]
[Black "Jedraszek, Pawel"]
[Result "1/2-1/2"]
[BlackElo "1506"]
[WhiteElo "1271"]
[LiveChessVersion "1.4.8"]

1. e4 {[%clk 1:30:53]} c5 {[%clk 1:30:57]} 2. Nf3 {[%clk 1:31:18]} d6
{[%clk 1:31:20]} 3. d4 {[%clk 1:31:37]} cxd4 {[%clk 1:31:44]} 4. Nxd4
{[%clk 1:32:03]} Nf6 {[%clk 1:32:06]} 5. Nc3 {[%clk 1:32:25]} a6 {[%clk 1:32:32]}
6. Bc4 {[%clk 1:32:47]} b5 {[%clk 1:32:31]} 7. Bb3 {[%clk 1:31:21]} Bb7
{[%clk 1:31:37]} 8. f3 {[%clk 1:27:32]} e6 {[%clk 1:31:44]} 9. a3
{[%clk 1:27:12]} Be7 {[%clk 1:31:57]} 10. Be3 {[%clk 1:27:01]} Nc6
{[%clk 1:25:01]} 11. Qd2 {[%clk 1:25:44]} Nxd4 {[%clk 1:19:07]} 12. Bxd4
{[%clk 1:25:37]} O-O {[%clk 1:17:55]} 13. O-O-O {[%clk 1:24:38]} Nd7
{[%clk 1:16:56]} 14. h4 {[%clk 1:23:58]} Nc5 {[%clk 1:13:24]} 15. Ba2
{[%clk 1:22:52]} Bc6 {[%clk 1:03:34]} 16. g4 {[%clk 1:20:24]} a5 {[%clk 1:03:10]}
17. g5 b4 {[%clk 1:01:47]} 18. Nb1 {[%clk 1:16:35]} Rb8 {[%clk 0:58:10]} 19. Bxc5
{[%clk 1:13:34]} dxc5 {[%clk 0:58:32]} 20. Qxd8 {[%clk 1:02:15]} Rfxd8
{[%clk 0:58:50]} 21. Rxd8+ {[%clk 1:01:58]} Rxd8 {[%clk 0:59:00]} 22. Rd1
{[%clk 1:00:48]} Rxd1+ {[%clk 0:56:47]} 23. Kxd1 {[%clk 1:00:46]} g6
{[%clk 0:56:20]} 24. Nd2 {[%clk 0:55:53]} Bd6 {[%clk 0:47:34]} 25. Nc4
{[%clk 0:55:47]} Bc7 {[%clk 0:47:02]} 26. Ke2 {[%clk 0:47:12]} Bb5
{[%clk 0:44:46]} 27. Kf2 {[%clk 0:44:21]} a4 {[%clk 0:41:49]} 28. Kg2
{[%clk 0:37:54]} Bxc4 {[%clk 0:40:15]} 29. Bxc4 {[%clk 0:38:14]} Be5
{[%clk 0:40:13]} 30. axb4 {[%clk 0:37:53]} cxb4 {[%clk 0:40:24]} 31. Bb5
{[%clk 0:38:06]} a3 {[%clk 0:38:47]} 32. bxa3 {[%clk 0:38:15]} bxa3
{[%clk 0:39:11]} 33. Bc4 {[%clk 0:37:43]} Kf8 {[%clk 0:39:02]} 34. Kh3
{[%clk 0:38:04]} Ke7 {[%clk 0:36:29]} 1/2-1/2

[Event "Mistrzostwa Wielkopolski Juniorow i Mlodzikow Grupa C13"]
[Site "Sypniewo"]
[Date "2018.06.17"]
[Round "4.3"]
[White "Ullrich, Karol"]
[Black "Katny, Samuel"]
[Result "1/2-1/2"]
[BlackElo "1288"]
[WhiteElo "1296"]
[LiveChessVersion "1.4.8"]

1. e4 {[%clk 1:30:58]} e5 {[%clk 1:30:53]} 2. Nf3 {[%clk 1:31:24]} Nc6
{[%clk 1:31:08]} 3. Bb5 {[%clk 1:31:44]} Bc5 {[%clk 1:30:33]} 4. O-O
{[%clk 1:32:05]} Nf6 {[%clk 1:30:29]} 5. Re1 {[%clk 1:31:59]} Nd4
{[%clk 1:30:22]} 6. Nxd4 {[%clk 1:31:18]} Bxd4 {[%clk 1:30:50]} 7. c3
{[%clk 1:31:34]} Bb6 {[%clk 1:31:06]} 8. d4 {[%clk 1:31:38]} Qe7 {[%clk 1:30:36]}
9. Bg5 {[%clk 1:28:38]} c6 {[%clk 1:28:00]} 10. Ba4 {[%clk 1:28:49]} d6
{[%clk 1:27:41]} 11. b4 {[%clk 1:17:21]} O-O {[%clk 1:26:39]} 12. Bc2
{[%clk 1:17:22]} Qe6 {[%clk 1:17:28]} 13. Bb3 {[%clk 1:15:32]} Qe7
{[%clk 1:17:06]} 14. a4 {[%clk 1:11:40]} a6 {[%clk 1:13:48]} 15. a5
{[%clk 1:11:51]} Ba7 {[%clk 1:14:03]} 16. h3 {[%clk 1:05:35]} Be6
{[%clk 1:11:26]} 17. d5 {[%clk 0:58:55]} cxd5 {[%clk 1:03:41]} 18. exd5
{[%clk 0:56:37]} Bf5 {[%clk 1:01:32]} 19. Nd2 {[%clk 0:56:29]} h6
{[%clk 0:51:23]} 20. Bh4 {[%clk 0:52:16]} g6 {[%clk 0:44:50]} 21. Qf3
{[%clk 0:48:45]} Kg7 {[%clk 0:44:48]} 22. g4 {[%clk 0:43:20]} Bd7
{[%clk 0:44:48]} 23. Qxf6+ {[%clk 0:42:53]} Qxf6 {[%clk 0:44:59]} 24. Bxf6+
{[%clk 0:43:18]} Kxf6 {[%clk 0:45:24]} 25. Kg2 {[%clk 0:42:39]} Ke7
{[%clk 0:44:55]} 26. f4 {[%clk 0:42:47]} f6 {[%clk 0:45:10]} 27. fxe5
{[%clk 0:40:40]} fxe5 {[%clk 0:45:32]} 28. Rf1 {[%clk 0:41:02]} h5
{[%clk 0:43:35]} 29. g5 {[%clk 0:39:31]} Bf5 {[%clk 0:41:12]} 30. Rae1
{[%clk 0:37:55]} Rf7 {[%clk 0:40:42]} 31. c4 {[%clk 0:35:20]} Bd3
{[%clk 0:39:09]} 32. Rxf7+ {[%clk 0:33:35]} Kxf7 {[%clk 0:39:37]} 33. Ne4
{[%clk 0:33:44]} Bxe4+ {[%clk 0:38:18]} 34. Rxe4 {[%clk 0:34:10]} Bd4
{[%clk 0:37:57]} 35. c5 {[%clk 0:32:31]} Ke7 {[%clk 0:37:53]} 36. h4
{[%clk 0:29:03]} Kd7 {[%clk 0:37:48]} 37. Ba4+ {[%clk 0:28:47]} Kc7
{[%clk 0:37:53]} 38. c6 {[%clk 0:27:51]} bxc6 {[%clk 0:37:52]} 39. Bxc6
{[%clk 0:28:17]} Rb8 {[%clk 0:37:59]} 40. Re2 {[%clk 0:23:32]} Rxb4
{[%clk 0:37:40]} 41. Be8 {[%clk 0:23:48]} Bc3 {[%clk 0:33:58]} 42. Rc2
{[%clk 0:22:31]} Rb2 {[%clk 0:32:24]} 43. Rxb2 {[%clk 0:22:42]} Bxb2
{[%clk 0:32:53]} 44. Bxg6 {[%clk 0:22:57]} Kd7 {[%clk 0:33:05]} 45. Bxh5
{[%clk 0:23:14]} Ke7 {[%clk 0:33:21]} 46. Be2 {[%clk 0:23:25]} Bc3
{[%clk 0:33:27]} 47. Kf3 {[%clk 0:23:01]} Bxa5 {[%clk 0:33:06]} 48. Bxa6
{[%clk 0:23:26]} Kf7 {[%clk 0:32:34]} 49. Kg4 {[%clk 0:22:54]} Bc3
{[%clk 0:28:07]} 50. Kf5 {[%clk 0:21:54]} Kg7 {[%clk 0:26:30]} 51. h5
{[%clk 0:21:52]} Kh7 {[%clk 0:26:12]} 52. Ke6 {[%clk 0:21:24]} Bb4
{[%clk 0:25:34]} 53. Bd3+ Kg7 {[%clk 0:24:41]} 54. h6+ {[%clk 0:22:04]} Kh8
{[%clk 0:21:54]} 55. Kf7 {[%clk 0:22:08]} Bd2 {[%clk 0:21:58]} 56. Kf6
{[%clk 0:21:53]} Bc3 {[%clk 0:21:48]} 57. Be4 {[%clk 0:21:53]} Bd2
{[%clk 0:21:44]} 58. h7 {[%clk 0:22:06]} Be3 {[%clk 0:21:00]} 59. Ke6
{[%clk 0:20:02]} Bxg5 {[%clk 0:19:44]} 60. Kxd6 {[%clk 0:20:07]} Bf6
{[%clk 0:19:22]} 61. Ke6 {[%clk 0:20:28]} Bh4 {[%clk 0:19:26]} 1/2-1/2

[Event "Mistrzostwa Wielkopolski Juniorow i Mlodzikow Grupa C13"]
[Site "Sypniewo"]
[Date "2018.06.18"]
[Round "5.1"]
[White "Rosinski, Filip"]
[Black "Rosenfeld, Noe"]
[Result "1-0"]
[BlackElo "1271"]
[WhiteElo "1343"]
[LiveChessVersion "1.4.8"]

1. e4 {[%clk 1:30:58]} c5 {[%clk 1:30:56]} 2. Nf3 {[%clk 1:31:23]} d6
{[%clk 1:31:10]} 3. d4 {[%clk 1:31:44]} cxd4 {[%clk 1:31:36]} 4. Nxd4
{[%clk 1:32:10]} Nf6 {[%clk 1:32:03]} 5. Nc3 {[%clk 1:32:29]} a6 {[%clk 1:32:25]}
6. Bg5 {[%clk 1:32:43]} e6 {[%clk 1:32:43]} 7. f4 {[%clk 1:33:00]} Qb6
{[%clk 1:32:50]} 8. Nb3 {[%clk 1:32:41]} Be7 {[%clk 1:32:27]} 9. e5
{[%clk 1:31:43]} Qe3+ {[%clk 1:28:49]} 10. Qe2 {[%clk 1:31:37]} Qxe2+
{[%clk 1:29:09]} 11. Bxe2 {[%clk 1:31:59]} dxe5 {[%clk 1:27:43]} 12. fxe5
{[%clk 1:32:19]} Nfd7 {[%clk 1:25:55]} 13. Bf4 {[%clk 1:28:50]} Nc6
{[%clk 1:23:35]} 14. O-O-O {[%clk 1:26:59]} Ndxe5 {[%clk 1:21:18]} 15. Rhe1
{[%clk 1:27:05]} Ng6 {[%clk 1:17:53]} 16. Bg3 {[%clk 1:27:19]} O-O
{[%clk 1:13:38]} 17. Bf3 {[%clk 1:26:06]} h6 {[%clk 0:58:53]} 18. Na4
{[%clk 1:19:29]} Bh4 {[%clk 0:47:52]} 19. Bxc6 {[%clk 1:16:56]} bxc6 20. Bxh4
{[%clk 1:16:07]} Nxh4 {[%clk 0:47:12]} 21. g3 {[%clk 1:16:30]} Nf3
{[%clk 0:42:48]} 22. Re2 {[%clk 1:15:30]} a5 {[%clk 0:38:57]} 23. h4
{[%clk 1:14:12]} Ba6 {[%clk 0:36:16]} 24. Re3 {[%clk 1:12:49]} Nh2
{[%clk 0:36:03]} 25. Rd6 {[%clk 1:12:01]} Rfd8 {[%clk 0:31:27]} 26. Rxd8+
{[%clk 1:10:51]} Rxd8 {[%clk 0:31:49]} 27. Nxa5 {[%clk 1:10:54]} Bb5
{[%clk 0:31:44]} 28. Nc3 {[%clk 1:10:37]} Ng4 {[%clk 0:28:54]} 29. Re4
{[%clk 1:09:31]} Nf2 {[%clk 0:27:34]} 30. Rf4 {[%clk 1:09:24]} Nh3
{[%clk 0:26:20]} 31. Rb4 {[%clk 1:08:44]} Nf2 {[%clk 0:26:24]} 32. a4
{[%clk 1:08:24]} Ra8 {[%clk 0:20:33]} 33. axb5 {[%clk 1:07:44]} Rxa5
{[%clk 0:19:21]} 34. bxc6 {[%clk 1:08:02]} Rc5 {[%clk 0:19:26]} 35. Rb8+
{[%clk 1:08:02]} Kh7 {[%clk 0:19:32]} 36. Rc8 {[%clk 1:08:17]} Kg6
{[%clk 0:19:38]} 37. c7 {[%clk 1:08:03]} Kf6 {[%clk 0:19:32]} 38. Kd2
{[%clk 1:05:57]} Ke7 {[%clk 0:19:24]} 39. b4 {[%clk 1:04:46]} Rc4
{[%clk 0:19:21]} 40. b5 {[%clk 1:04:10]} Kd7 {[%clk 0:19:37]} 41. Rf8
{[%clk 1:04:06]} f5 {[%clk 0:17:56]} 42. b6 {[%clk 1:04:10]} e5 {[%clk 0:17:10]}
43. Rd8+ {[%clk 1:04:11]} Ke7 {[%clk 0:17:05]} 44. c8=Q {[%clk 1:04:26]} Rxc8
{[%clk 0:17:21]} 45. Rxc8 {[%clk 1:04:46]} g5 {[%clk 0:17:38]} 46. hxg5
{[%clk 1:05:04]} hxg5 {[%clk 0:18:02]} 47. b7 {[%clk 1:05:27]} f4
{[%clk 0:17:49]} 48. b8=Q {[%clk 1:05:44]} f3 {[%clk 0:18:02]} 49. Qxe5+
{[%clk 1:05:57]} Kd7 {[%clk 0:18:17]} 50. Rc7+ {[%clk 1:06:17]} Kd8
{[%clk 0:18:29]} 51. Rf7 {[%clk 1:06:37]} Ne4+ {[%clk 0:18:26]} 52. Qxe4
{[%clk 1:06:54]} f2 {[%clk 0:18:46]} 53. Qa8# {[%clk 1:07:17]} 1-0

[Event "Mistrzostwa Wielkopolski Juniorow i Mlodzikow Grupa C13"]
[Site "Sypniewo"]
[Date "2018.06.18"]
[Round "5.2"]
[White "Stachecki, Mikolaj"]
[Black "Mozdzanowski, Filip"]
[Result "1/2-1/2"]
[BlackElo "1426"]
[WhiteElo "1456"]
[LiveChessVersion "1.4.8"]

1. e4 {[%clk 1:30:30]} d6 {[%clk 1:30:55]} 2. d4 {[%clk 1:30:30]} Nf6
{[%clk 1:30:59]} 3. f3 {[%clk 1:30:22]} g6 {[%clk 1:31:20]} 4. Be3
{[%clk 1:30:45]} Bg7 {[%clk 1:31:46]} 5. Nc3 {[%clk 1:30:44]} O-O
{[%clk 1:31:53]} 6. Bc4 {[%clk 1:29:18]} Nc6 {[%clk 1:29:04]} 7. a3
{[%clk 1:24:40]} e5 {[%clk 1:28:27]} 8. d5 {[%clk 1:24:55]} Ne7 {[%clk 1:28:49]}
9. Qd2 {[%clk 1:24:13]} Ne8 {[%clk 1:27:23]} 10. Nge2 {[%clk 1:19:34]} a6
{[%clk 1:27:07]} 11. a4 {[%clk 1:17:43]} f5 {[%clk 1:25:49]} 12. O-O
{[%clk 1:17:03]} f4 {[%clk 1:26:09]} 13. Bf2 {[%clk 1:17:18]} g5 {[%clk 1:26:29]}
14. g4 {[%clk 1:13:03]} h5 {[%clk 1:24:49]} 15. h3 {[%clk 1:13:10]} h4
{[%clk 1:25:15]} 16. b4 {[%clk 1:12:23]} Bd7 {[%clk 1:25:03]} 17. a5
{[%clk 1:10:31]} Qc8 {[%clk 1:24:51]} 18. Bb3 {[%clk 1:10:31]} Qb8
{[%clk 1:23:43]} 19. Ba4 {[%clk 1:10:36]} Bxa4 {[%clk 1:22:08]} 20. Nxa4
{[%clk 1:11:01]} Nc8 {[%clk 1:22:27]} 21. Kg2 {[%clk 1:09:05]} Kh7
{[%clk 1:21:13]} 22. Qd3 {[%clk 1:05:26]} Nf6 {[%clk 1:20:30]} 23. c4
{[%clk 1:05:27]} Ne8 {[%clk 1:17:12]} 24. c5 {[%clk 1:05:16]} Bf6
{[%clk 1:16:54]} 25. cxd6 {[%clk 1:05:01]} cxd6 {[%clk 1:17:12]} 26. Nb6
{[%clk 1:05:08]} Nxb6 {[%clk 1:17:27]} 27. Bxb6 {[%clk 1:05:34]} Bd8
{[%clk 1:17:52]} 28. Bxd8 {[%clk 1:05:26]} Qxd8 {[%clk 1:18:17]} 29. Rfc1
{[%clk 1:05:40]} Nf6 {[%clk 1:18:26]} 30. Rc3 {[%clk 1:05:59]} Rc8
{[%clk 1:18:13]} 31. Rxc8 {[%clk 1:05:50]} Qxc8 {[%clk 1:18:39]} 32. Rc1
{[%clk 1:06:17]} Qd7 {[%clk 1:19:05]} 33. Qc4 {[%clk 1:06:28]} Rf7
{[%clk 1:18:28]} 34. Qc8 {[%clk 1:05:58]} Kg7 {[%clk 1:18:35]} 1/2-1/2

[Event "Mistrzostwa Wielkopolski Juniorow i Mlodzikow Grupa C13"]
[Site "Sypniewo"]
[Date "2018.06.18"]
[Round "5.3"]
[White "Jedraszek, Pawel"]
[Black "Ullrich, Karol"]
[Result "1/2-1/2"]
[BlackElo "1296"]
[WhiteElo "1506"]
[LiveChessVersion "1.4.8"]

1. e4 {[%clk 1:30:58]} e5 {[%clk 1:30:39]} 2. Nf3 {[%clk 1:31:20]} Nf6
{[%clk 1:30:56]} 3. Nxe5 {[%clk 1:31:40]} d6 {[%clk 1:31:21]} 4. Nf3
{[%clk 1:32:03]} Nxe4 {[%clk 1:31:43]} 5. Nc3 {[%clk 1:32:25]} Nxc3
{[%clk 1:31:56]} 6. dxc3 {[%clk 1:32:44]} Nc6 {[%clk 1:32:15]} 7. Bf4
{[%clk 1:33:02]} Be7 {[%clk 1:32:26]} 8. Qd2 {[%clk 1:33:14]} O-O
{[%clk 1:32:13]} 9. Bd3 {[%clk 1:33:27]} Bf6 {[%clk 1:28:38]} 10. O-O-O
{[%clk 1:33:28]} Be6 {[%clk 1:28:57]} 11. Kb1 {[%clk 1:29:43]} Ne5
{[%clk 1:28:35]} 12. h4 {[%clk 1:20:34]} c5 {[%clk 1:26:26]} 13. Ng5
{[%clk 1:16:42]} Bxg5 {[%clk 1:15:41]} 14. hxg5 {[%clk 1:15:15]} g6
{[%clk 1:14:21]} 15. Be4 {[%clk 0:41:38]} Nc4 {[%clk 1:06:55]} 16. Qd3
{[%clk 0:40:36]} Qb6 {[%clk 1:06:26]} 17. b3 {[%clk 0:40:41]} Rad8
{[%clk 1:06:29]} 18. Bd5 {[%clk 0:40:46]} Bxd5 {[%clk 1:05:36]} 19. Qxd5
{[%clk 0:41:03]} Na3+ {[%clk 1:05:43]} 20. Kb2 {[%clk 0:41:11]} Nb5
{[%clk 1:05:50]} 21. a4 {[%clk 0:36:30]} Nxc3 {[%clk 1:03:06]} 22. Kxc3
{[%clk 0:36:48]} Qb4+ {[%clk 1:03:31]} 23. Kb2 {[%clk 0:37:07]} Qxf4
{[%clk 1:03:57]} 24. Rh3 {[%clk 0:34:58]} Qe5+ {[%clk 1:03:12]} 25. Qxe5
{[%clk 0:35:10]} dxe5 {[%clk 1:03:38]} 26. Rdh1 {[%clk 0:32:01]} h5
{[%clk 1:03:32]} 27. gxh6 {[%clk 0:32:23]} Kh7 {[%clk 1:03:56]} 28. Rd3
{[%clk 0:29:24]} e4 {[%clk 1:01:59]} 29. Re3 {[%clk 0:25:05]} f5 {[%clk 1:00:32]}
30. f3 {[%clk 0:24:30]} Rfe8 {[%clk 0:59:46]} 31. fxe4 {[%clk 0:21:21]} Rxe4
{[%clk 0:58:32]} 32. Rxe4 {[%clk 0:21:45]} fxe4 {[%clk 0:58:59]} 33. g4
{[%clk 0:18:57]} g5 {[%clk 0:58:44]} 34. Kc3 1/2-1/2

[Event "Mistrzostwa Wielkopolski Juniorow i Mlodzikow Grupa C13"]
[Site "Sypniewo"]
[Date "2018.06.18"]
[Round "6.1"]
[White "Katny, Samuel"]
[Black "Rosinski, Filip"]
[Result "1-0"]
[BlackElo "1343"]
[WhiteElo "1288"]
[LiveChessVersion "1.4.8"]

1. e4 {[%clk 1:30:58]} c5 {[%clk 1:30:56]} 2. Nf3 {[%clk 1:31:09]} d6
{[%clk 1:31:19]} 3. Nc3 {[%clk 1:31:21]} a6 {[%clk 1:31:34]} 4. Bc4
{[%clk 1:30:00]} Bg4 {[%clk 1:31:13]} 5. Bxf7+ {[%clk 1:29:25]} Kxf7
{[%clk 1:31:09]} 6. Ng5+ {[%clk 1:29:47]} Ke8 {[%clk 1:31:22]} 7. Qxg4
{[%clk 1:30:11]} Nf6 {[%clk 1:31:23]} 8. Qe6 {[%clk 1:29:53]} Qd7
{[%clk 1:30:52]} 9. Qf7+ {[%clk 1:29:13]} Kd8 {[%clk 1:31:04]} 10. Ne6+
{[%clk 1:28:52]} Kc8 {[%clk 1:31:06]} 11. Nxf8 {[%clk 1:29:04]} Qc6
{[%clk 1:30:50]} 12. Qxe7 {[%clk 1:28:08]} Nbd7 {[%clk 1:29:16]} 13. Nxd7
{[%clk 1:27:56]} Nxd7 {[%clk 1:29:38]} 14. Nd5 {[%clk 1:27:48]} Nf6
{[%clk 1:29:47]} 15. Qxg7 {[%clk 1:27:50]} Re8 {[%clk 1:29:32]} 16. Nxf6
{[%clk 1:27:49]} Rxe4+ {[%clk 1:29:46]} 1-0

[Event "Mistrzostwa Wielkopolski Juniorow i Mlodzikow Grupa C13"]
[Site "Sypniewo"]
[Date "2018.06.18"]
[Round "6.3"]
[White "Jedraszek, Pawel"]
[Black "Stachecki, Mikolaj"]
[Result "1/2-1/2"]
[BlackElo "1456"]
[WhiteElo "1506"]
[LiveChessVersion "1.4.8"]

1. e4 {[%clk 1:30:58]} c5 {[%clk 1:30:58]} 2. Nf3 {[%clk 1:31:19]} e6
{[%clk 1:31:24]} 3. d4 {[%clk 1:31:41]} cxd4 {[%clk 1:31:51]} 4. Nxd4
{[%clk 1:32:06]} a6 {[%clk 1:32:15]} 5. Bd3 {[%clk 1:32:28]} Nf6 {[%clk 1:32:31]}
6. c4 {[%clk 1:32:23]} d6 {[%clk 1:28:54]} 7. Nc3 {[%clk 1:32:10]} Be7
{[%clk 1:29:08]} 8. O-O {[%clk 1:31:31]} O-O {[%clk 1:29:21]} 9. Be3
{[%clk 1:30:53]} Qc7 {[%clk 1:21:42]} 10. f3 {[%clk 1:30:23]} Bd7
{[%clk 1:17:56]} 11. Qd2 {[%clk 1:27:31]} Nc6 12. Rac1 {[%clk 1:25:52]} Rac8
{[%clk 1:11:02]} 13. Rfd1 {[%clk 1:24:09]} Ne5 {[%clk 1:05:14]} 14. Bf1
{[%clk 1:24:26]} h6 {[%clk 0:54:19]} 15. h3 {[%clk 1:18:31]} Bc6 {[%clk 0:51:38]}
16. Qf2 {[%clk 1:16:40]} Ned7 {[%clk 0:50:30]} 17. b4 {[%clk 1:16:15]} b6
{[%clk 0:49:13]} 18. Nb3 {[%clk 1:13:19]} Qb8 {[%clk 0:36:31]} 19. a4
{[%clk 1:10:43]} Ba8 {[%clk 0:30:41]} 20. c5 {[%clk 1:01:08]} dxc5
{[%clk 0:25:11]} 21. Bxa6 {[%clk 1:00:22]} Bb7 {[%clk 0:25:22]} 22. Bxb7
{[%clk 0:57:11]} Qxb7 {[%clk 0:25:46]} 23. bxc5 {[%clk 0:55:20]} Nxc5
{[%clk 0:18:42]} 24. Nxc5 {[%clk 0:54:23]} bxc5 {[%clk 0:14:28]} 25. Nb5
{[%clk 0:52:04]} Qa6 {[%clk 0:11:51]} 26. Bxc5 {[%clk 0:43:35]} Bxc5
{[%clk 0:11:55]} 27. Rxc5 {[%clk 0:43:57]} Qxa4 {[%clk 0:07:17]} 28. Rdc1
{[%clk 0:42:12]} Rxc5 {[%clk 0:07:22]} 29. Qxc5 {[%clk 0:40:51]} Nd7
{[%clk 0:03:46]} 30. Qc4 {[%clk 0:39:13]} Qxc4 {[%clk 0:03:57]} 31. Rxc4
{[%clk 0:39:37]} Nf6 {[%clk 0:02:13]} 1/2-1/2